3 Biggest Cities in each Region of The Central African Republic - Statistics

General Stats
  • This quiz has been taken 6 times
  • The average score is 16 of 49
Answer Stats
Region + Rank Population City % Correct
Bangui 1 1,501,187 Bangui
100%
Mbomou 1 63,419 Bangassou
50%
Mambéré-Kadéï 1 151,320 Berbérati
50%
Ombella-M'Poko 1 482,757 Bimbo
50%
Nana-Mambéré 1 91,015 Bouar
50%
Nana-Grébizi 1 70,359 Kaga-Bandoro
50%
Ouham-Pendé 2 47,800 Paoua
50%
Mbomou 2 30,380 Rafaï
50%
Haut-Mbomou 2 28,011 Zemio
50%
Basse-Kotto 1 52,858 Alindao
33%
Mbomou 3 24,552 Bakouma
33%
Ouaka 1 88,452 Bambari
33%
Bamingui-Bangoran 2 18,503 Bamingui
33%
Nana-Mambéré 2 33,146 Baoro
33%
Ouham 2 28,302 Batangafo
33%
Vakaga 2 23,838 Birao
33%
Ouham 1 76,291 Bossangoa
33%
Ombella-M'Poko 3 32,550 Bossembélé
33%
Ouham-Pendé 1 54,413 Bozoum
33%
Haute-Kotto 1 146,258 Bria
33%
Mambéré-Kadéï 2 83,623 Carnot
33%
Kémo 2 26,058 Dekoa
33%
Ouaka 3 36,209 Ippy
33%
Ouham 3 27,660 Kabo
33%
Lobaye 1 31,008 Mbaïki
33%
Haut-Mbomou 3 12,630 Mboki
33%
Nana-Grébizi 2 22,118 Mbrès
33%
Bamingui-Bangoran 1 61,362 N'Délé
33%
Sangha-Mbaéré 1 72,144 Nola
33%
Haut-Mbomou 1 56,115 Obo
33%
Haute-Kotto 3 24,109 Ouadda
33%
Vakaga 1 27,955 Ouanda Djallé
33%
Haute-Kotto 2 29,972 Ouandja
33%
Kémo 1 57,346 Sibut
33%
Ombella-M'Poko 2 44,905 Yaloke
33%
Bamingui-Bangoran 3 9,052 Akoursoulbak
17%
Nana-Mambéré 3 21,078 Baboua
17%
Sangha-Mbaéré 3 25,810 Bayanga
17%
Ouham-Pendé 3 34,121 Bocaranga
17%
Lobaye 2 25,335 Bokopi
17%
Nana-Grébizi 3 8,714 Dengueno
17%
Basse-Kotto 3 20,393 Dimbi
17%
Mambéré-Kadéï 3 35,522 Gamboula
17%
Ouaka 2 41,063 Grimari
17%
Kémo 3 13,644 Karwa
17%
Basse-Kotto 2 28,215 Mobaye
17%
Sangha-Mbaéré 2 38,113 Ouodo
17%
Lobaye 3 21,185 Pissa
17%
Vakaga 3 11,086 Tiroungoulou
17%
No matching quizzes found
Score Distribution
Percent of People with Each Score
Percentile by Number Answered
Your Score History
You have not taken this quiz